Official Names of North American Countries - Statistics

General Stats
  • This quiz has been taken 28 times
  • The average score is 14 of 23
Answer Stats
Country Official Name % Correct
Canada Canada
90%
United States United States of America
86%
Antigua and Barbuda Antigua and Barbuda
71%
Dominican Republic Dominican Republic
71%
Haiti Republic of Haiti
71%
Panama Republic of Panama
71%
Barbados Barbados
67%
Belize Belize
67%
Honduras Republic of Honduras
67%
Nicaragua Republic of Nicaragua
67%
Jamaica Jamaica
62%
Cuba Republic of Cuba
62%
El Salvador Republic of El Salvador
62%
Guatemala Republic of Guatemala
62%
Trinidad & Tobago Republic of Trinidad and Tobago
62%
St. Lucia Saint Lucia
62%
Costa Rica Republic of Costa Rica
57%
St. Vincent & the Grenadines Saint Vincent and the Grenadines
57%
Grenada Grenada
52%
Mexico United Mexican States
52%
Bahamas Commonwealth of the Bahamas
48%
Dominica Commonwealth of Dominica
38%
St. Kitts & Nevis Federation of Saint Christopher and Nevis
19%
No matching quizzes found
Score Distribution
Percent of People with Each Score
Percentile by Number Answered
Your Score History
You have not taken this quiz